| 000 | 00778nam a2200253Ia 4500 | ||
|---|---|---|---|
| 003 | OSt | ||
| 005 | 20220923211448.0 | ||
| 006 | a|||||r|||| 00| 0 | ||
| 007 | ta | ||
| 008 | Pun | ||
| 020 |
_a9789350681800 (hbk) _c150 |
||
| 024 | _a282,116 | ||
| 037 |
_b851, 12/08/2014, H.K. Prakashan _cTextual |
||
| 040 |
_aARTS _cARTS _bPun |
||
| 041 |
_2Pun _aPun |
||
| 082 | _aO153,1NSA2x, Q2 | ||
| 100 | _aਸੰਧੂ, ਅਰਤਿੰਦਰ | ||
| 245 | 0 | _aਕਦੇ ਕਦਾਈ੍ਵ | |
| 260 |
_aਚੰਡੀਗੜ _b ਲੋਕਗੀਤ _c2012 |
||
| 300 |
_a120ਪੰ _ccm. |
||
| 650 | _aਪੰਜਾਬੀ ਸਾਹਿਤ | ||
| 942 |
_hO153,1NSA2x, Q2 _cTEXL _2CC |
||
| 999 |
_c299757 _d299757 |
||